000
00293nam a22001217a 4500
008
170628b xxu||||| |||| 00| 0 eng d
041
_a
eng
080
_a
94
100
_a
16
101
_a
SHH
245
_a
ANARCHISM A HISTORY OF LIBERTARIAN IDEAS AND MOVEMENTS
_c
WOODCOCK,G
942
_2
udc
_c
BK
999
_c
19358
_d
19358